| Tag |
First Indicator |
Second Indicator |
Subfields |
| LEADER |
00000uam a2200000 a 4500 |
| 001 |
in00004265766 |
| 005 |
20260128181254.6 |
| 006 |
m o d |
| 007 |
cr cn |
| 008 |
080513s2011 xx o eng |
| 020 |
|
|
|z 9781849512985
|
| 020 |
|
|
|z 9781849512992
|
| 035 |
|
|
|a (CaSebORM)9781849512985
|
| 040 |
|
|
|d UtOrBLW
|
| 041 |
0 |
|
|a eng
|
| 100 |
1 |
|
|a Wheeler, Bert,
|e author.
|
| 245 |
1 |
0 |
|a Tcl/Tk 8.5 Programming Cookbook /
|c Wheeler, Bert.
|
| 250 |
|
|
|a 1st edition.
|
| 264 |
|
1 |
|b Packt Publishing,
|c 2011.
|
| 300 |
|
|
|a 1 online resource (236 pages)
|
| 336 |
|
|
|a text
|b txt
|2 rdacontent
|
| 337 |
|
|
|a computer
|b c
|2 rdamedia
|
| 338 |
|
|
|a online resource
|b cr
|2 rdacarrier
|
| 347 |
|
|
|a text file
|
| 520 |
|
|
|a With over 100 recipes, this Cookbook is ideal for both beginners and advanced Tcl/Tk programmers. From the basics to creating applications, it's full of indispensable tips and tricks to make the most of the language. The quickest way to solve your problems with Tcl/Tk 8.5 Understand the basics and fundamentals of the Tcl/Tk 8.5 programming language Learn graphical User Interface development with the Tcl/Tk 8.5 Widget set Get a thorough and detailed understanding of the concepts with a real-world address book application Each recipe is a carefully organized sequence of instructions to efficiently learn the features and capabilities of the Tcl/Tk 8.5 language In Detail With Tcl/Tk, you can create full-featured cross-platform applications in a simple and easy-to-understand way without any expensive development package; the only tools required are a simple text editor and your imagination. This practical cookbook will help you to efficiently interact with editors, debuggers, and shell type interactive programs using Tcl/Tk 8. This cookbook will comprehensively guide you through practical implementation of Tcl/Tk 8.5 commands and tools. This book will take you through all the steps needed to become a productive programmer in Tcl/Tk 8. Right from guiding you through the basics to creating a stand-alone application, it provides complete explanation of all the steps along with handy tips and tricks. The book begins with an introduction to the Tcl shell, syntax, variables, and programming best practices in the language. It then explores procedures and the flow of events with control constructs followed by advanced error trapping and recovery. From Chapter 4, a detailed study of string expressions and handling enables you to handle various string functions and use lists to expand the string functionality. The book then discusses in-depth the Tcl Dictionary and how to utilize it to store and retrieve data. File operations and Tk GUI handling are covered extensively along with a developing a real-world address book application to practice the concepts learned. A practical, comprehensive cookbook to master the depths and breadths of Tcl/Tk 8.5 programming
|
| 533 |
|
|
|a Electronic reproduction.
|b Boston, MA :
|c Safari,
|n Available via World Wide Web.
|
| 538 |
|
|
|a Mode of access: World Wide Web.
|
| 542 |
|
|
|f Copyright © 2011 Packt Publishing
|
| 588 |
|
|
|a Online resource; Title from title page (viewed February 11, 2011)
|
| 500 |
|
|
|a Electronic resource.
|
| 655 |
|
7 |
|a Electronic books.
|2 local
|
| 710 |
2 |
|
|a Safari, an O'Reilly Media Company.
|
| 856 |
4 |
0 |
|u https://proxy.library.tamu.edu/login?url=https://go.oreilly.com/TAMU/library/view/-/9781849512985/?ar
|z Connect to this electronic resource
|t 0
|
| 999 |
f |
f |
|s 85123e12-912e-3d55-b8c1-1a290d7069ef
|i 9d20b25c-d77d-3af6-94f5-bf3801e651e8
|t 0
|
| 952 |
f |
f |
|a Texas A&M University
|b College Station
|c Electronic Resources
|s www_evans
|d Available Online
|t 0
|h No information provided
|
| 998 |
f |
f |
|t 0
|l Available Online
|